|
|
|
|
| LEADER |
00000nam a2200000 4500 |
| 001 |
RU/URAIT/468474 |
| 003 |
https://urait.ru/bcode/468474 |
| 005 |
20250827050525.1 |
| 010 |
|
|
|a 978-5-534-08809-0
|d 1359.00
|
| 073 |
|
1 |
|a 9785534088090
|d 1359.00
|
| 100 |
|
|
|a 20181001d2021 km y0rusy50 ca
|
| 101 |
0 |
|
|a rus
|
| 102 |
|
|
|a RU
|
| 105 |
|
|
|a y j 000yy
|
| 106 |
|
|
|a s
|
| 200 |
1 |
|
|a Наследственное право
|e учебник для вузов
|f М. С. Абраменков, А. Г. Сараев ; ответственный редактор В. А. Белов.
|
| 205 |
|
|
|a 2-е изд.
|b пер. и доп
|
| 210 |
|
|
|a Москва
|c Юрайт
|d 2021
|
| 215 |
|
|
|a 346 с
|
| 225 |
1 |
|
|a Высшее образование
|
| 230 |
|
|
|a Электрон. дан.
|
| 300 |
|
|
|a URL: https://urait.ru/bcode/468474 (дата обращения: 27.08.2025).
|
| 330 |
|
|
|a В издании освещено историческое развитие наследственного права от Древнего Рима до наших дней, проводится сравнительно-правовой анализ регулирования наследственных отношений в праве ряда зарубежных стран. Особенностью данного учебника можно назвать включение в курс материалов исторического и компаративистского свойства. В книге проанализирована судебная практика последних лет, рассмотрены нормы, регламентирующие наследование в международном частном праве, особое внимание уделено вопросам наследования по завещанию. Для лучшего усвоения теоретического материала в издании приведены вопросы для самопроверки по главам.
|
| 337 |
|
|
|a Режим доступа: Электронно-библиотечная система Юрайт, для авториз. пользователей
|
| 610 |
2 |
|
|a Наследственное право
|
| 610 |
2 |
|
|a Юридические науки
|
| 610 |
2 |
|
|a Наследственное право
|
| 610 |
2 |
|
|a Вещное и наследственное право
|
| 610 |
2 |
|
|a Особенности наследования отдельных видов имущества
|
| 610 |
2 |
|
|a Проблемы наследственного права
|
| 610 |
2 |
|
|a Правовое регулирование наследственных отношений
|
| 610 |
2 |
|
|a Правовое регулирование наследственных правоотношений
|
| 610 |
2 |
|
|a Защита наследственных прав
|
| 610 |
2 |
|
|a Охрана прав участников наследственных отношений
|
| 610 |
2 |
|
|a Актуальные проблемы семейного и наследственного права
|
| 610 |
2 |
|
|a Наследственное право России и зарубежных стран
|
| 610 |
2 |
|
|a Актуальные проблемы наследственного права
|
| 610 |
2 |
|
|a Наследственное право и наследственный процесс
|
| 675 |
|
|
|a 34(075.8)
|
| 686 |
|
|
|a 67.404.5я73
|2 rubbk
|
| 700 |
|
1 |
|a Белов
|b В. А.
|g Вадим Анатольевич
|
| 701 |
|
1 |
|a Сараев
|b А. Г.
|g Александр Геннадьевич
|
| 702 |
|
1 |
|a Абраменков
|b М. С.
|g Михаил Сергеевич
|4 340
|
| 801 |
|
0 |
|a RU
|b ИКО Юрайт
|c 20181001
|g RCR
|2 rusmarc
|
| 801 |
|
1 |
|a RU
|b ИКО Юрайт
|c 20181001
|g RCR
|2 rusmarc
|
| 856 |
4 |
0 |
|n Юрайт
|g Электронная книга
|q html
|h ЮРАЙТ
|v 20250912
|2 Показать документ
|u https://urait.ru/bcode/468474
|
| 955 |
|
|
|a учебник
|
| 957 |
|
|
|a Наследственное право
|
| 957 |
|
|
|a Вещное и наследственное право
|
| 957 |
|
|
|a Особенности наследования отдельных видов имущества
|
| 957 |
|
|
|a Проблемы наследственного права
|
| 957 |
|
|
|a Правовое регулирование наследственных отношений
|
| 957 |
|
|
|a Правовое регулирование наследственных правоотношений
|
| 957 |
|
|
|a Защита наследственных прав
|
| 957 |
|
|
|a Охрана прав участников наследственных отношений
|
| 957 |
|
|
|a Актуальные проблемы семейного и наследственного права
|
| 957 |
|
|
|a Наследственное право России и зарубежных стран
|
| 957 |
|
|
|a Актуальные проблемы наследственного права
|
| 957 |
|
|
|a Наследственное право и наследственный процесс
|
| 900 |
|
|
|l
|